01034 2200325 4500001002100000005001500021035002000036007000300056008004100059020002200100040002200122082001500144084001700159090002200176100004100198245010700239250003500346300005800381650001300439700003200452700002900484850001200513504003300525264003200558336002100590337003000611338002300641999002200664990002200686INLIS00000000086037520210528090405 a0010-0521000956ta210528t2020 yoia g ind d a978-623-02-1790-6 aYOPDYOGbindcrda04223a620.82 a620.82 RAH a aCB-D.11 2020-27050 aRahmaniyah Dwi Astutid1976epenulis10aAnalisis dan perancangan sistem kerja /cpenulis, Rahmaniyah Dwi Astuti, Irwan Iftadi, Bambang Suhardi aCetakan pertama: November 2020 axiv, 149 halaman :bilustrasi, gambar, tabel ;c23 cm 4aErgonomi0 aIrwan Iftadid1970epenulis0 aBambang Suhardiepenulis aYOPDYOG aBibliografi: halaman 146-14731aSleman :bDeepublish,c2020 2rdacontentateks 2rdamediaatanpa perantara 2rdacarrieravolume aCB-D.11/2020-2705 aCB-D.11/2020-2705